00536nam a22001577a 4500020001800000040000900018082002100027100003300048110003300081245003300114260003400147650005600181942001200237999001900249952011000268 a9780500019955 cNUST a728.72091734 ARN a Arnoux, Alexandra d'988395 aChabaneix, Gilles De 988396 aFamily Houses In The Country aNew York :bC. Potter,c2000. aVacation homes -- Europe -- Pictorial works.988397 2ddccBK c587612d587612 00102ddc4070aCEMEbCEMEcGENd2022-01-14l0o728.72091734 ARNpCEME-50541r2022-01-14w2022-01-14yBK